000
00267nam a2200097Ia 4500
008
120527s9999 xx 000 0 und d
100
_a
FED. MIN OF AGRIC &
245
_a
Agricultural development in Nigeria 1973-1985
260
_b
Fed. Min. of Agric & Res
942
_c
BK
999
_c
25517
_d
25517